|
|
|
|
| LEADER |
00000nam a2200000 a 4500 |
| 001 |
vtls001326434 |
| 003 |
SK-MaSNL |
| 005 |
20260301095424.0 |
| 008 |
251113s1990 xr 0 cze |
| 020 |
|
|
|a 800000142X
|
| 035 |
|
|
|a SNK000279211
|
| 040 |
|
|
|a SNK
|b slo
|c SNK
|e AACR2
|
| 041 |
0 |
|
|a cze
|
| 044 |
|
|
|a CZ
|
| 080 |
|
|
|a 885.0-93-31
|2 1981
|
| 100 |
1 |
|
|a Bernardinová, Eva,
|d 1931-2016
|4 aut
|9 242940
|
| 245 |
1 |
0 |
|a Kluci, holky a Stodůlky
|n 2. [díl]
|c Eva Bernardinová ; il. Alena Ladová
|
| 250 |
|
|
|a 5. vyd.
|
| 260 |
|
|
|a Praha
|b Albatros
|c 1990
|
| 300 |
|
|
|a 278, [2] s.
|c 8°
|
| 490 |
1 |
|
|a Střelka
|v sv. 133
|
| 650 |
0 |
7 |
|a literatúra česká
|x romány
|2 SNK
|9 61525
|
| 650 |
0 |
7 |
|a české romány
|2 SNK
|9 99282
|
| 830 |
|
0 |
|a Střelka
|9 379633
|
| 919 |
|
|
|a 80-00-00142-X
|
| 958 |
|
|
|a RK
|
| 958 |
|
|
|a OND
|
| 999 |
|
|
|c 683062
|d 684992
|
| 952 |
|
|
|t P60, <04>, [BOOK], {604}
|a SNK
|b SNK
|y VYP
|7 0
|o snkID 88763/2 D1
|i snkKIP 4598/90
|0 0
|1 0
|4 0
|d 1998-03-31
|l 0
|r 2005-01-02 00:00:00
|w 2026-02-23
|
| 952 |
|
|
|t P60, <04>, [BOOK], {604}
|a SNK
|b SNK
|y VYP
|7 0
|o snkID 88763/2
|i snkKIP 4597/90
|0 0
|1 0
|4 0
|d 1998-03-31
|l 0
|r 2005-01-02 00:00:00
|w 2026-02-23
|